| 000 | 00362 a2200145 4500 | ||
|---|---|---|---|
| 999 |
_c12088 _d12088 |
||
| 003 | OSt | ||
| 005 | 20240117164833.0 | ||
| 008 | 240117b ||||| |||| 00| 0 eng d | ||
| 020 | _a9788173199189 | ||
| 082 | _a690.24 | ||
| 100 | _aChakrabarti, Amarnath | ||
| 245 | _aHandbook on seismic retrofit of buildings | ||
| 260 | _bNarosa Publishing House | ||
| 942 | _2ddc | ||